| 000 | 00413 a2200145 4500 | ||
|---|---|---|---|
| 005 | 20250609091454.0 | ||
| 020 | _a0-02-395840-5 | ||
| 082 | _a338.5 PIN | ||
| 100 | _aPINDYCK, R. S. | ||
| 245 | _aStudy Guide to Accompany: Microeconomics | ||
| 260 |
_aNew York, _bMacmillan Publishing Company, _c1989. |
||
| 300 |
_aviii, 160p.: ill.; table. _c28cm. |
||
| 700 | _aRUBINFELD'S, D. L. & EASTIN, R. V. | ||
| 942 |
_2ddc _cBKS |
||
| 999 |
_c606 _d606 |
||